Высокомолекулярные соединения. Серия Б. Химия полимеров: научный журнал

Detalhes bibliográficos
Título anterior:Высокомолекулярные соединения
Высокомолекулярные соединения. Серия Б. Краткие сообщения
Высокомолекулярные соединения. Серия А, Серия Б и Серия С
Autor Corporativo: Российская академия наук
Resumo:Журнал "Высокомолекулярные соединения" – журнал Российской академии наук, публикующий оригинальные статьи и обзоры фундаментального характера по всем направлениям науки о полимерах, отличающиеся новизной и представляющие интерес для широкого круга читателей. Выходит в трех сериях – А, Б, С одновременно на русском и английском языках. Журнал принимает статьи от авторов независимо от места их проживания.
Idioma:russo
Publicado em: Москва, Наука, 1959-
Assuntos:
Acesso em linha:Официальный сайт журнала
Официальный сайт журнала
Журнал на платформе eLIBRARY
Formato: MixedMaterials Recurso Electrónico Periódico
KOHA link:https://koha.lib.tpu.ru/cgi-bin/koha/opac-detail.pl?biblionumber=563508

MARC

LEADER 00000nas1a2200000 4500
001 563508
005 20240307124214.0
011 |a 2308-1139 
035 |a (RuTPU)RU\TPU\prd\259052 
090 |a 563508 
100 |a 20160606a19599999k||y0rusy50 ca 
101 0 |a rus 
102 |a RU 
110 |a agaz|||0uu0 
200 1 |a Высокомолекулярные соединения. Серия Б. Химия полимеров  |e научный журнал   |f Российская академия наук 
210 |a Москва  |c Наука  |d 1959- 
305 |a Период выпуска: 1967-... 
326 |a Периодичность: 6 выпусков в год. 
330 |a Журнал "Высокомолекулярные соединения" – журнал Российской академии наук, публикующий оригинальные статьи и обзоры фундаментального характера по всем направлениям науки о полимерах, отличающиеся новизной и представляющие интерес для широкого круга читателей. Выходит в трех сериях – А, Б, С одновременно на русском и английском языках. Журнал принимает статьи от авторов независимо от места их проживания. 
430 1 |0 (RuTPU)RU\TPU\prd\119  |x 0507-5483  |t Высокомолекулярные соединения  |o научный журнал  |f Академия наук СССР (АН СССР)  |c Москва  |n Наука  |d 1959-1966 
430 1 |0 (RuTPU)RU\TPU\prd\665  |x 0507-5475  |t Высокомолекулярные соединения. Серия Б. Краткие сообщения  |o научный журнал  |f Российская академия наук (РАН)  |c Москва  |n Наука  |d 1969-1992 
430 1 |0 (RuTPU)RU\TPU\prd\1418  |x 0507-5483  |t Высокомолекулярные соединения. Серия А, Серия Б и Серия С  |o научный журнал  |f Российская академия наук (РАН), Институт нефтехимического синтеза им. А. В. Топчиева (ИНХС)  |c Москва  |n Наука  |d 1993-2013 
517 1 |a Журнал теоретической и экспериментальной химии и физики высокомолекулярных соединений 
606 |a Полимеры  |x Химия  |9 86706 
610 1 |a химия полимеров 
610 1 |a высокомолекулярные соединения 
610 1 |a полимеризация 
610 1 |a синтез 
610 1 |a смеси полимеров 
610 1 |a композиты 
610 1 |a полимеры 
675 |a 678.01:54  |v 4  |z rus 
712 0 2 |a Российская академия наук  |c (Москва)  |c (1991- )  |3 (RuTPU)RU\TPU\col\51  |9 23156 
801 1 |a RU  |b 63413507  |c 20160606 
801 2 |a RU  |b 63413507  |c 20230404  |g RCR 
856 4 |u http://polymsci.ru/static.php?mode=about  |z Официальный сайт журнала 
856 4 0 |u https://sciencejournals.ru/journal/vmsb/  |z Официальный сайт журнала 
856 4 0 |u http://elibrary.ru/title_about.asp?id=25479  |z Журнал на платформе eLIBRARY  
942 |c CR